Statistics for Квиз о Бугарској

Click here to take the quiz!

General Stats

  • This quiz has been taken 198 times
  • The average score is 13 of 17

Answer Stats

ОписОдговор% Correct
Главни градСофија
100%
Граничне државеСрбија
99%
Граничне државеРумунија
99%
Полуострво на којем се налазиБалканско полуострво
98%
Море на које Бугарска излазиЦрно море
98%
Писмо које се користи у овој државиЋирилица
97%
Граничне државеТурска
97%
Граничне државеСев. Македонија
96%
Граничне државеГрчка
93%
Река која се налази на северној границиДунав
89%
Државна валутаЛев
67%
Највећи град на обали овог мораВарна
52%
Јужна Бугарска је део ове древне регије чије име почиње на ТТракија
50%
Свети Сава се упокојио у овом градуВелико Трново
45%
Именуј један од два спорта у којима је Бугарска освојила највише олимпијских медаљаРвање | Дизање тегова
38%
Врста хране која се прави помоћу бактерије Lactobacillus bulgaricusЈогурт
32%
Бугарска је 9. у свету по конзумацији ове течности по глави становникаАлкохол
22%

Score Distribution

Percentile by Number Answered

Percent of People with Each Score

Your Score History

You have not taken this quiz